Teatre de putxinel·lis / Ezequiel Vigués 'Didó' ; pròleg de Xavier Fàbregas
Descripción Física:
126 p. ; 22 cm
Colección:
Monografies de teatre ; 2
Otros Autores:
Fàbregas, Xavier, 1931-1985
MARC
| LEADER | 00000nam a2200000Ia 4500 | ||
|---|---|---|---|
| 001 | 6863 | ||
| 008 | 160829s1975 xx 000 0 cat d | ||
| 080 | |a B-1-160 | ||
| 100 | |a Vigués, Ezequiel |9 42047 | ||
| 245 | |a Teatre de putxinel·lis / Ezequiel Vigués 'Didó' ; pròleg de Xavier Fàbregas | ||
| 260 | |a Barcelona : |b Institut del Teatre : |b Edicions 62, |c 1975 | ||
| 300 | |a 126 p. ; |c 22 cm | ||
| 490 | |a Monografies de teatre ; 2 | ||
| 590 | |a Conté diverses obres per representar | ||
| 650 | 0 | |a Titelles i teatre de titelles |9 35894 | |
| 650 | |a Vigués, Ezequiel | ||
| 700 | 1 | |a Fàbregas, Xavier, |d 1931-1985 |e autor del pròleg |9 50443 | |
| 710 | 1 | |a Institut del Teatre (Barcelona, Catalunya) |9 52662 | |
| 901 | |a Arxiu | ||
| 942 | |n 1 |2 udc | ||
| 952 | |0 0 |1 0 |4 0 |6 B1160 |7 1 |9 47113 |a Arxiu |b Arxiu |d 2016-12-01 |l 0 |o B-1-160 |p 6863 |r 2016-12-01 00:00:00 |w 2016-12-01 |y ARXIU | ||
| 999 | |c 50908 |d 50908 | ||